Bran hambric / (Record no. 3716)

MARC details
000 -LEADER
fixed length control field 00874nam a22002537a 4500
001 - CONTROL NUMBER
control field 3716
003 - CONTROL NUMBER IDENTIFIER
control field FISKH
005 - DATE AND TIME OF LATEST TRANSACTION
control field 20240424105006.0
008 - FIXED-LENGTH DATA ELEMENTS--GENERAL INFORMATION
fixed length control field 240424b cb ||||| |||| 00| 0 eng d
040 ## - CATALOGING SOURCE
Original cataloging agency FISK
Language of cataloging eng
Transcribing agency FISK
Modifying agency FISK
050 ## - LIBRARY OF CONGRESS CALL NUMBER
Classification number PZ7.N17467
082 ## - DEWEY DECIMAL CLASSIFICATION NUMBER
Classification number 813.6
100 ## - MAIN ENTRY--PERSONAL NAME
Personal name Nation Kaleb
Dates associated with a name 1988-
245 ## - TITLE STATEMENT
Title Bran hambric /
Statement of responsibility, etc. Kaleb Nation
260 ## - PUBLICATION, DISTRIBUTION, ETC.
Place of publication, distribution, etc. New York :
Name of publisher, distributor, etc. Scholastic,
Date of publication, distribution, etc. 2010
300 ## - PHYSICAL DESCRIPTION
Extent 430 pages :
Dimensions 20 cm
490 ## - SERIES STATEMENT
Series statement The farfield curse
505 ## - FORMATTED CONTENTS NOTE
Formatted contents note M
520 ## - SUMMARY, ETC.
Summary, etc. Very strange occurrences have long surrounded fourteen-year-old Bran, who learns of his link to a curse created by his murdered mother and strives to make things right, hindered by the ban on magic in the city of Dunce and pursued by his mother's former masters.
521 8# - TARGET AUDIENCE NOTE
Target audience note 810
Source Lexile
700 ## - ADDED ENTRY--PERSONAL NAME
Personal name Kaleb Nation
942 ## - ADDED ENTRY ELEMENTS (KOHA)
Source of classification or shelving scheme Library of Congress Classification
Koha item type Books
Suppress in OPAC No
Holdings
Withdrawn status Lost status Source of classification or shelving scheme Damaged status Not for loan Collection Home library Current library Shelving location Date acquired Total Checkouts Full call number Barcode Date last seen Copy number Price effective from Koha item type
    Library of Congress Classification     Fiction Footprints International School Library Network Toul Kork Campus Footprints International School Library Network Toul Kork Campus TTP Secondary Fiction Bookshelves 04/24/2024   NAT PZ7.N17467 813.6 2024-0504 04/24/2024 1 04/24/2024 Books